| 000 | 00489nam a2200169Ia 4500 | ||
|---|---|---|---|
| 003 | GCL | ||
| 008 | 140319s9999 xx 000 0 ara d | ||
| 040 |
_aGCL / _cGCL |
||
| 082 | 0 | 4 |
_a133.91 _bن ق |
| 100 | 1 | _aنصيف اسحق | |
| 245 | 1 | 0 |
_aقصتى فى الروحية / _cنصيف اسحق |
| 300 | _a307 ص | ||
| 490 |
_aفى العلم الروحى الحديث _v0 |
||
| 650 | 0 | 4 | _aتحضير الارواح |
| 650 | 0 | 4 | _aالروحانيات - الغيبيات |
| 942 |
_2ddc _cBK |
||
| 999 |
_c47775 _d47775 |
||